[Event "FIDE World Rapid 2013"]
[Site "Khanty-Mansiysk RUS"]
[Date "2013.06.06"]
[Round "5.22"]
[White "Popov, Ivan RUS"]
[Black "Guseinov, Gadir"]
[Result "1/2-1/2"]
[WhiteTitle "GM"]
[BlackTitle "GM"]
[WhiteElo "2632"]
[BlackElo "2631"]
[WhiteFideId "4170350"]
[BlackFideId "13401378"]
[EventDate "2013.06.06"]

1. e4 c5 2. Nf3 g6 3. d4 cxd4 4. Nxd4 Nc6 5. c4 Nf6 6. Nc3 Nxd4 7. Qxd4 d6 8.
Bg5 Bg7 9. f3 O-O 10. Qd2 Be6 11. Rc1 Qa5 12. b3 Rfc8 13. Be2 a6 14. Na4 Qxd2+
15. Kxd2 Nd7 16. Be3 f5 17. exf5 gxf5 18. f4 Rab8 19. Bf3 Rd8 20. Nb6 Nf6 21.
Ke2 Bf7 22. Rhd1 Ne4 23. Bd4 e5 24. Bb2 exf4 25. Bxg7 Kxg7 26. Rd4 Re8 27. Kf1
Re7 28. Nd5 Bxd5 29. Rxd5 Rf8 30. Rd4 Rf6 31. Rcd1 Rh6 32. h3 Ree6 33. Bxe4 fxe4
34. Re1 f3 35. Rexe4 fxg2+ 36. Kxg2 Rhg6+ 37. Kf3 Rxe4 38. Kxe4 Kf7 39. Kd5 Ke8
40. Rh4 h6 41. Rg4 Rf6 42. Rg7 b5 43. Ra7 bxc4 44. Kxc4 Rf3 45. h4 Rf5 46. Rxa6
Kd7 47. Ra4 Kc6 48. Kd3 Rf3+ 49. Ke4 Rf2 50. Rc4+ Kd7 51. a4 Ke6 52. Ke3 Rb2 53.
Rb4 Ra2 54. Rb5 d5 55. Rb6+ Ke5 56. Rxh6 Rb2 57. Rb6 Rh2 58. a5 Rh3+ 59. Ke2
Rxh4 60. a6 Rh2+ 61. Kd3 Ra2 62. b4 Ra3+ 63. Kc2 d4 64. Kb2 d3 65. Rb5+ Kd6 66.
Kxa3 d2 67. Rd5+ Kxd5 68. a7 d1=Q 69. a8=Q+ Ke5 70. Qe8+ Kf6 71. Qc6+ Ke7 72.
Qc7+ Ke6 73. Qc3 Kd7 74. b5 Qd6+ 75. Ka4 Qc7 76. Qh3+ Kd8 77. Qe6 Qa7+ 78. Kb4
Qd4+ 79. Ka5 Qa1+ 80. Kb6 Qd4+ 81. Kb7 Qg7+ 82. Ka8 Qg2+ 83. Ka7 Qg7+ 84. Ka6
Qa1+ 85. Kb6 Qd4+ 86. Ka5 Qa1+ 87. Kb4 Kc7 88. Qc6+ Kb8 89. Qb6+ Ka8 90. Qd8+
Kb7 91. Qd7+ Kb8 92. Qd8+ 1/2-1/2

[Event "FIDE World Rapid 2013"]
[Site "Khanty-Mansiysk RUS"]
[Date "2013.06.06"]
[Round "5.23"]
[White "Vasquez Schroeder, Rodrigo"]
[Black "Ponkratov, Pavel"]
[Result "0-1"]
[WhiteTitle "GM"]
[BlackTitle "GM"]
[WhiteElo "2542"]
[BlackElo "2605"]
[WhiteFideId "3400042"]
[BlackFideId "4157800"]
[EventDate "2013.06.06"]

1. e4 e5 2. Nf3 Nc6 3. Bb5 Nge7 4. c3 g6 5. O-O Bg7 6. d4 exd4 7. cxd4 a6 8. Ba4
b5 9. Bb3 d6 10. Bg5 h6 11. Be3 O-O 12. Nc3 Bg4 13. Qd2 Bxf3 14. gxf3 Kh7 15. f4
Na5 16. f3 f5 17. Be6 c6 18. b4 Nc4 19. Bxc4 bxc4 20. Rab1 Rb8 21. Qe2 fxe4 22.
fxe4 d5 23. e5 Nf5 24. Bf2 Qe7 25. Qd2 h5 26. a4 Qd7 27. Kh1 Bh6 28. Rg1 Ng7 29.
Be3 Qf5 30. Qg2 Ne6 31. Ne2 h4 32. h3 Rb7 33. Rgf1 Rbf7 34. Rbc1 Qh5 35. Rf3 g5
36. f5 Rxf5 37. Rxf5 Rxf5 38. Ng1 Qf7 39. b5 axb5 40. axb5 cxb5 41. Qxd5 Nc7 42.
Qg2 Qd5 43. Rb1 Bf8 44. Ra1 Rf7 45. Ra7 Kg6 46. Ra6+ Kh5 47. Ra7 Qxg2+ 48. Kxg2
Rg7 49. Kf3 b4 50. Ke4 b3 51. Rb7 Nd5 52. Rb8 Nxe3 53. Kxe3 Rg8 54. Ne2 g4 55.
Nf4+ Kg5 56. hxg4 Kxg4 57. e6 Kf5 58. Rb5+ Kf6 59. Ke4 Bd6 60. Rf5+ Ke7 61. Rf7+
Ke8 62. Nd5 Rg4+ 63. Kf5 Rxd4 64. Nf6+ Kd8 65. Rd7+ Kc8 66. e7 Rf4+ 67. Kg5 Bxe7
68. Rxe7 Rxf6 0-1

[Event "FIDE World Rapid 2013"]
[Site "Khanty-Mansiysk RUS"]
[Date "2013.06.06"]
[Round "5.25"]
[White "Pridorozhni, Aleksei"]
[Black "Ram, S. Krishnan"]
[Result "1-0"]
[WhiteTitle "GM"]
[WhiteElo "2512"]
[BlackElo "2248"]
[WhiteFideId "4127870"]
[BlackFideId "5010519"]
[EventDate "2013.06.06"]

1. e4 e6 2. b3 b6 3. Bb2 Bb7 4. Qe2 c5 5. Nf3 Nf6 6. e5 Nd5 7. c4 Nc7 8. Nc3 Nc6
9. Ne4 Na6 10. O-O-O Qc7 11. h4 Be7 12. h5 h6 13. Nd6+ Bxd6 14. exd6 Qxd6 15.
Bxg7 Rh7 16. Bc3 O-O-O 17. d4 cxd4 18. Nxd4 Qf4+ 19. Kb2 Nxd4 20. Bxd4 f5 21.
Be5 Qe4 22. f3 Qxe2+ 23. Bxe2 Rg8 24. Bf1 Nb8 25. Rh4 Nc6 26. Bd6 Nd8 27. Rhd4
Rg5 28. Rh4 Nf7 29. Be7 Rg8 30. Rhd4 Ne5 31. Bf6 Nc6 32. Rd6 Rf8 33. Bc3 Rg8 34.
Bd2 Kc7 35. Bf4 e5 36. Bc1 f4 37. Kc3 Rg5 38. g4 Kc8 39. Bd3 Rf7 40. Bg6 Re7 41.
Rf6 Nd4 42. Rf8+ Kc7 43. Rxd4 exd4+ 44. Kxd4 Ra5 45. Bxf4+ d6 46. Bxh6 Rxa2 47.
Bg5 Re1 48. h6 1-0

[Event "FIDE World Rapid 2013"]
[Site "Khanty-Mansiysk RUS"]
[Date "2013.06.06"]
[Round "5.26"]
[White "Pasiev, Rakhim"]
[Black "Gundavaa, Bayarsaikhan"]
[Result "1/2-1/2"]
[WhiteTitle "IM"]
[BlackTitle "GM"]
[WhiteElo "2384"]
[BlackElo "2516"]
[WhiteFideId "24122475"]
[BlackFideId "4901045"]
[EventDate "2013.06.06"]

1. e4 c5 2. Nf3 d6 3. d4 cxd4 4. Nxd4 Nf6 5. Nc3 a6 6. Be2 e5 7. Nf3 h6 8. O-O
Be7 9. Re1 Be6 10. h3 O-O 11. Bf1 Nbd7 12. Nd5 Nc5 13. Nxf6+ Bxf6 14. c4 b5 15.
cxb5 axb5 16. Bxb5 Nb3 17. Rb1 Nxc1 18. Qxc1 Bxa2 19. Ra1 Qb6 20. Bc4 Bxc4 21.
Qxc4 Rxa1 22. Rxa1 Qxb2 23. Ra6 Rd8 24. Qd5 Qc1+ 25. Kh2 Qc7 26. g3 Be7 27. Kg2
Rc8 28. Ra8 g6 29. Nd2 Rxa8 30. Qxa8+ Kg7 31. Qd5 Qc5 32. Qd3 Bd8 33. Nc4 Bb6
34. Ne3 h5 35. h4 Qb4 36. Nd5 Qd4 37. Qf3 Bd8 38. Kh2 Qd2 39. Kg2 Kg8 40. Qa3
Qe1 41. Qxd6 Qxe4+ 42. Kh2 Bxh4 43. gxh4 1/2-1/2

[Event "FIDE World Rapid 2013"]
[Site "Khanty-Mansiysk RUS"]
[Date "2013.06.06"]
[Round "5.28"]
[White "Byambaa, Zulzaga"]
[Black "Bezgodov, Alexei"]
[Result "0-1"]
[WhiteTitle "FM"]
[BlackTitle "GM"]
[WhiteElo "2285"]
[BlackElo "2482"]
[WhiteFideId "4900642"]
[BlackFideId "4105257"]
[EventDate "2013.06.06"]

1. e4 e5 2. Nf3 d6 3. d4 exd4 4. Nxd4 Nf6 5. Nc3 Be7 6. Be2 O-O 7. O-O Nc6 8.
Be3 Nxd4 9. Bxd4 c5 10. Be3 Be6 11. f4 d5 12. f5 Bc8 13. exd5 Bd6 14. Bf4 Bxf4
15. Rxf4 Qd6 16. Qd2 Bd7 17. a4 Rad8 18. g4 Bc6 19. Bf3 Bxd5 20. Rd1 Qc7 21.
Bxd5 Nxd5 22. Rff1 Nxc3 23. Qxc3 Rxd1 24. Rxd1 Qf4 25. h3 h5 26. Rf1 Qg5 27. f6
hxg4 28. Qg3 Re8 29. hxg4 gxf6 30. Rf5 Qc1+ 31. Rf1 Qxb2 32. c3 Qd2 33. Rxf6
Qe3+ 34. Qf2 Qe1+ 35. Qxe1 Rxe1+ 36. Kf2 Re4 37. Rf5 Rxg4 38. Rxc5 Rxa4 39. Rc7
b6 40. Ke3 Kg7 41. c4 Ra5 42. Kd4 Kg6 43. Rc8 Kg5 44. Rg8+ Kf4 45. Rg1 f5 46.
Rg8 Kf3 47. Rg5 Kf4 48. Rg7 Ra1 49. Rf7 Rd1+ 50. Kc3 a5 51. Kc2 Rd6 52. Kc3 Ke4
53. Re7+ Kf3 54. Ra7 f4 55. Ra6 Ke3 56. c5 Rc6 57. Rxb6 Rxc5+ 58. Kb3 f3 0-1

[Event "FIDE World Rapid 2013"]
[Site "Khanty-Mansiysk RUS"]
[Date "2013.06.06"]
[Round "5.29"]
[White "Akbaev, Kazbek"]
[Black "Skatchkov, Pavel"]
[Result "1/2-1/2"]
[WhiteTitle "IM"]
[BlackTitle "GM"]
[WhiteElo "2475"]
[BlackElo "2486"]
[WhiteFideId "4131045"]
[BlackFideId "4121848"]
[EventDate "2013.06.06"]

1. f4 e5 2. e3 exf4 3. exf4 Nf6 4. Nf3 d5 5. d4 Bd6 6. Bd3 O-O 7. O-O Nc6 8. c3
Ne7 9. Qc2 Ng6 10. Ne5 c5 11. Be3 c4 12. Be2 Ne4 13. Bxc4 dxc4 14. Qxe4 Re8 15.
Qf3 Nh4 16. Qe2 Nf5 17. Bf2 Be6 18. Qf3 f6 19. Ng4 Qa5 20. Ne3 Nxe3 21. Bxe3 Bd5
22. Qg3 Qb5 23. Qf2 Re7 24. Na3 Bxa3 25. bxa3 Rae8 26. Rae1 Qa5 27. Bd2 Qxa3 28.
Rxe7 Rxe7 29. Re1 Rxe1+ 30. Qxe1 Kf7 31. Qb1 Qa4 32. Kf2 g6 33. g4 Qd7 34. Kg3
Bc6 35. Qe1 Qd5 36. Qe2 b5 37. Bc1 Qh1 38. Ba3 Be4 39. Qf2 Qd1 40. d5 Qxd5 41.
Qxa7+ Qb7 42. Qc5 Qd7 43. Qf8+ Ke6 44. Qg8+ Qf7 45. Qb8 Qd7 46. Qg8+ Qf7 47.
Qc8+ Qd7 1/2-1/2

[Event "FIDE World Rapid 2013"]
[Site "Khanty-Mansiysk RUS"]
[Date "2013.06.07"]
[Round "6.3"]
[White "Bologan, Viktor"]
[Black "Grischuk, Alexander"]
[Result "0-1"]
[WhiteTitle "GM"]
[BlackTitle "GM"]
[WhiteElo "2672"]
[BlackElo "2779"]
[WhiteFideId "13900048"]
[BlackFideId "4126025"]
[EventDate "2013.06.06"]

1. e4 e5 2. Nf3 Nc6 3. Bb5 Nf6 4. d3 Bc5 5. Bxc6 dxc6 6. Nbd2 Be6 7. b3 Ng4 8.
O-O f6 9. Nc4 Qe7 10. a3 a6 11. b4 Ba7 12. Qe2 g5 13. Rb1 h5 14. a4 Qd7 15. Nfd2
h4 16. Nb3 h3 17. g3 Nh6 18. Be3 Bxe3 19. Nxe3 b6 20. a5 Qe7 21. axb6 cxb6 22.
Nd2 Kf7 23. Ndc4 b5 24. Na5 c5 25. c4 Qc7 26. cxb5 cxb4 27. Nc6 a5 28. d4 exd4
29. Nxd4 Qe5 30. Nc6 Qxe4 31. f3 Qg6 32. b6 Rac8 33. Rbc1 b3 34. b7 Rce8 35. Qb5
Nf5 36. Nc4 Kg7 37. b8=Q Rxb8 38. Nxb8 Nd4 39. Qb7+ Kh6 40. Ne3 Ne2+ 41. Kf2
Nxc1 42. Rxc1 Rd8 43. Kg1 Rd2 44. Qe7 b2 45. Qf8+ Qg7 46. Qxg7+ Kxg7 47. Rc7+
Kg6 48. Rb7 Ba2 49. Nc6 b1=Q+ 50. Rxb1 Bxb1 51. Nxa5 Re2 52. Ng4 f5 53. Kf1 Bd3
54. Nf2 Bb5 0-1

[Event "FIDE World Rapid 2013"]
[Site "Khanty-Mansiysk RUS"]
[Date "2013.06.07"]
[Round "6.5"]
[White "Vallejo Pons, Francisco"]
[Black "Safarli, Eltaj"]
[Result "1/2-1/2"]
[WhiteTitle "GM"]
[BlackTitle "GM"]
[WhiteElo "2706"]
[BlackElo "2660"]
[WhiteFideId "2205530"]
[BlackFideId "13402129"]
[EventDate "2013.06.06"]

1. Nf3 Nf6 2. c4 g6 3. Nc3 d5 4. cxd5 Nxd5 5. h4 Bg7 6. h5 Nc6 7. d4 Bf5 8. Qb3
Nxc3 9. bxc3 O-O 10. hxg6 hxg6 11. Bh6 Bxh6 12. Rxh6 Kg7 13. Rh4 e5 14. e4 Bc8
15. O-O-O exd4 16. cxd4 Qe7 17. Qe3 Rh8 18. Rxh8 Kxh8 19. Bc4 Kg8 20. Qh6 Qf6
21. Ng5 Nd8 22. Nh7 Qg7 23. Qh4 Qxh7 24. Qxd8+ Kg7 25. Qxc7 Kg8 26. Qd8+ Kg7 27.
Qc7 Kg8 28. Rd3 Bg4 29. Qf4 Rc8 30. Rc3 Be6 31. d5 Bd7 32. Kb2 b5 33. Bb3 Rxc3
34. Kxc3 Qh1 35. d6 Qa1+ 36. Kc2 Be6 37. d7 Bxb3+ 38. axb3 Qa2+ 39. Kc1 Qa1+ 40.
Kc2 Qa2+ 41. Kc3 Qa1+ 42. Kd3 Qb1+ 43. Ke2 Qc2+ 44. Ke1 Qb1+ 45. Ke2 Qc2+ 46.
Qd2 Qxe4+ 47. Kd1 Qb1+ 48. Ke2 Qe4+ 49. Kf1 Qb1+ 50. Ke2 Qe4+ 51. Kd1 1/2-1/2

[Event "FIDE World Rapid 2013"]
[Site "Khanty-Mansiysk RUS"]
[Date "2013.06.07"]
[Round "6.6"]
[White "Andreikin, Dmitry"]
[Black "Potkin, Vladimir"]
[Result "1-0"]
[WhiteTitle "GM"]
[BlackTitle "GM"]
[WhiteElo "2713"]
[BlackElo "2647"]
[WhiteFideId "4158814"]
[BlackFideId "4131061"]
[EventDate "2013.06.06"]

1. e4 c5 2. Nc3 e6 3. g3 d5 4. exd5 exd5 5. Bg2 Nf6 6. Nge2 Be7 7. d4 cxd4 8.
Nxd4 O-O 9. O-O Nc6 10. Bf4 Bg4 11. Qd2 Qd7 12. Rfe1 Rad8 13. h3 Bh5 14. Nxc6
bxc6 15. Na4 Bg6 16. b3 Ne4 17. Qa5 Rfe8 18. c4 Qb7 19. Qc7 Qxc7 20. Bxc7 Rc8
21. Ba5 Bf6 22. Rad1 d4 23. h4 h5 24. Bh3 Re5 25. Bxc8 Rxa5 26. Bb7 Nc3 27. Nxc3
dxc3 28. Bxc6 c2 29. Rc1 Rxa2 30. Be4 Bc3 31. Bxg6 Bxe1 32. Rxc2 Rxc2 33. Bxc2
Kf8 34. Bd1 g6 35. c5 Ke7 36. Be2 Bb4 37. c6 Kd6 38. Bc4 f6 39. Bf7 g5 40. Be8
gxh4 41. gxh4 Bc5 42. Kg2 a5 43. Kg3 Bd4 44. f4 f5 45. Bxh5 Kxc6 46. Bg6 Kd6 47.
Bxf5 Ke7 48. Kg4 Kf6 49. h5 Kg7 50. Bd3 Bb6 51. Kf5 Bc7 52. Be2 Bb8 53. Kg5 Bd6
54. h6+ Kh8 55. f5 Kg8 56. Bc4+ Kh7 57. f6 Bb4 58. Bd3+ Kg8 59. Kg6 Bc5 60. Bb1
Bb4 61. h7+ Kh8 62. Kf7 Bc3 63. Ke6 Bb4 64. Kd7 Bc3 65. f7 Kg7 66. h8=Q+ 1-0

[Event "FIDE World Rapid 2013"]
[Site "Khanty-Mansiysk RUS"]
[Date "2013.06.07"]
[Round "6.7"]
[White "Moiseenko, Alexander"]
[Black "Frolyanov, Dmitry"]
[Result "1/2-1/2"]
[WhiteTitle "GM"]
[BlackTitle "GM"]
[WhiteElo "2711"]
[BlackElo "2570"]
[WhiteFideId "14102560"]
[BlackFideId "4151976"]
[EventDate "2013.06.06"]

1. d4 d5 2. c4 e6 3. Nf3 Nf6 4. Nc3 dxc4 5. e4 Bb4 6. Bg5 c5 7. Bxc4 cxd4 8.
Nxd4 Bxc3+ 9. bxc3 Qa5 10. Bb5+ Bd7 11. Bxf6 gxf6 12. Bxd7+ Nxd7 13. O-O a6 14.
Rb1 Qc7 15. Qh5 Nc5 16. Rb4 Qe5 17. Qh6 Rc8 18. Nf3 Qxc3 19. Rd4 Ke7 20. e5 Nd7
21. Qh4 Rhg8 22. Rf4 Rg6 23. exf6+ Nxf6 24. g3 Rc5 25. Qh3 Rh5 26. Qg2 Qc6 27.
Re1 Rg4 28. Rxg4 Nxg4 29. h3 Nf6 30. g4 Rc5 31. g5 Nd7 32. Qg4 Rc4 33. Qh5 Rc1
34. Rxc1 Qxc1+ 35. Kg2 Qc2 36. Qh4 Ke8 37. Qb4 b5 38. a3 Qc6 39. Qd4 Qd5 40.
Qh8+ Ke7 41. Kg3 Nc5 42. Qf6+ Ke8 43. Qh8+ Ke7 44. Qf6+ Ke8 45. Qh8+ Ke7 46.
Qf6+ 1/2-1/2

[Event "FIDE World Rapid 2013"]
[Site "Khanty-Mansiysk RUS"]
[Date "2013.06.07"]
[Round "6.8"]
[White "Najer, Evgeniy"]
[Black "Akopian, Vladimir"]
[Result "0-1"]
[WhiteTitle "GM"]
[BlackTitle "GM"]
[WhiteElo "2633"]
[BlackElo "2691"]
[WhiteFideId "4118987"]
[BlackFideId "13300032"]
[EventDate "2013.06.06"]

1. e4 e5 2. Nf3 Nc6 3. d4 exd4 4. Nxd4 Bb4+ 5. c3 Bc5 6. Be3 Bb6 7. Nf5 g6 8.
Bxb6 axb6 9. Ne3 Nf6 10. f3 Qe7 11. c4 Qb4+ 12. Qd2 Qxd2+ 13. Kxd2 d6 14. Nc3
Kd8 15. Bd3 Ne5 16. Bc2 h5 17. f4 Neg4 18. Ned1 h4 19. h3 Nh6 20. Ne3 c6 21.
Rhf1 Re8 22. Rae1 Nh5 23. Rf2 Ng3 24. Nf1 Nxf1+ 25. Rfxf1 Kc7 26. a4 f5 27. b3
Bd7 28. Bd3 Rad8 29. Re2 Rf8 30. e5 dxe5 31. Rxe5 Nf7 32. Re3 Rde8 33. Rfe1 Rxe3
34. Rxe3 Nd8 35. Re7 Ne6 36. Ne2 Rh8 37. Rf7 Kd8 38. Rf6 Ke7 39. Rxg6 Be8 40.
Rg5 Nxg5 41. fxg5 Rg8 42. Nd4 Rxg5 43. Nxf5+ Kf6 44. Nxh4 Rg3 45. Kc2 Bh5 46. b4
Bd1+ 47. Kd2 Bh5 48. a5 bxa5 49. bxa5 Kg5 50. Nf5 Rxg2+ 51. Ke3 Bg6 52. h4+ Kf6
53. Be4 Rg4 54. Nd6 Bxe4 55. Nxe4+ Ke5 56. Nc5 Rxc4 57. Nxb7 Rxh4 58. Nc5 Kd5
59. Nd7 Rh3+ 60. Kd2 Ra3 61. Nb6+ Kd4 0-1

[Event "FIDE World Rapid 2013"]
[Site "Khanty-Mansiysk RUS"]
[Date "2013.06.07"]
[Round "6.9"]
[White "Jakovenko, Dmitry"]
[Black "Riazantsev, Alexander"]
[Result "1/2-1/2"]
[WhiteTitle "GM"]
[BlackTitle "GM"]
[WhiteElo "2713"]
[BlackElo "2708"]
[WhiteFideId "4122356"]
[BlackFideId "4125029"]
[EventDate "2013.06.06"]

1. Nf3 Nf6 2. g3 b6 3. Bg2 Bb7 4. O-O e6 5. d3 d5 6. Nbd2 g6 7. b3 Bg7 8. Bb2 c5
9. e3 Nc6 10. Ne5 O-O 11. f4 Rc8 12. Ndf3 Ng4 13. Nxc6 Bxc6 14. Bxg7 Kxg7 15.
Re1 d4 16. e4 Ne3 17. Qd2 Re8 18. Bh1 f6 19. Nh4 e5 20. Ng2 Nxg2 21. Bxg2 1/2-1/2

[Event "FIDE World Rapid 2013"]
[Site "Khanty-Mansiysk RUS"]
[Date "2013.06.07"]
[Round "6.10"]
[White "Smirin, Ilia"]
[Black "Grachev, Boris"]
[Result "1/2-1/2"]
[WhiteTitle "GM"]
[BlackTitle "GM"]
[WhiteElo "2663"]
[BlackElo "2683"]
[WhiteFideId "2801990"]
[BlackFideId "4129199"]
[EventDate "2013.06.06"]

1. e4 c6 2. Nc3 d5 3. Nf3 Bg4 4. h3 Bxf3 5. Qxf3 e6 6. d4 Nf6 7. Bd3 dxe4 8.
Nxe4 Nxe4 9. Qxe4 Nd7 10. c3 Nf6 11. Qe2 Bd6 12. Bd2 Qc7 13. c4 c5 14. dxc5 Bxc5
15. Bc3 Rd8 16. O-O Bd4 17. Qc2 1/2-1/2

[Event "FIDE World Rapid 2013"]
[Site "Khanty-Mansiysk RUS"]
[Date "2013.06.07"]
[Round "6.11"]
[White "Kurnosov, Igor"]
[Black "Le, Quang Liem"]
[Result "1/2-1/2"]
[WhiteTitle "GM"]
[BlackTitle "GM"]
[WhiteElo "2657"]
[BlackElo "2712"]
[WhiteFideId "4142527"]
[BlackFideId "12401137"]
[EventDate "2013.06.06"]

1. e4 e6 2. d4 d5 3. Nc3 Nf6 4. e5 Nfd7 5. f4 c5 6. Nf3 Nc6 7. Be3 Be7 8. Qd2
O-O 9. dxc5 Bxc5 10. O-O-O Qb6 11. Nd4 Nxd4 12. Bxd4 Bxd4 13. Qxd4 Qxd4 14. Rxd4
a6 15. h4 b6 16. h5 h6 17. b3 Ra7 18. Kb2 Rc7 19. Rd2 Bb7 20. Bd3 Nc5 21. Ne2 b5
22. Nd4 Ne4 23. Bxe4 dxe4 24. c3 Rd8 25. Re1 f6 26. Ree2 Re8 27. exf6 gxf6 28.
f5 exf5 29. Nxf5 Re5 30. Rd8+ Kh7 31. g4 Bc8 32. Rd6 Bxf5 33. gxf5 Rxf5 34. Rxe4
Kg7 35. Rxa6 Rxh5 36. c4 bxc4 37. Rxc4 Rxc4 38. bxc4 Re5 39. Kc3 h5 40. Kd4 h4
41. Ra3 Kf7 42. Rh3 Rh5 43. a4 Ke6 44. a5 Rxa5 45. Ke4 1/2-1/2

[Event "FIDE World Rapid 2013"]
[Site "Khanty-Mansiysk RUS"]
[Date "2013.06.07"]
[Round "6.13"]
[White "Ponomariov, Ruslan"]
[Black "Kobalia, Mikhail"]
[Result "1/2-1/2"]
[WhiteTitle "GM"]
[BlackTitle "GM"]
[WhiteElo "2743"]
[BlackElo "2651"]
[WhiteFideId "14103320"]
[BlackFideId "4119150"]
[EventDate "2013.06.06"]

1. c4 Nf6 2. g3 e5 3. Bg2 Nc6 4. Nc3 Bc5 5. e3 a6 6. Nge2 d6 7. O-O O-O 8. a3
Ba7 9. b4 Bf5 10. d3 Qd7 11. Re1 Bh3 12. Bh1 Ng4 13. d4 exd4 14. exd4 Rae8 15.
c5 dxc5 16. dxc5 Qxd1 17. Rxd1 Nge5 18. f4 Nc4 19. Kf2 Bg4 20. Bd5 Nd6 21. Re1
Ne7 22. Bg2 c6 23. h3 Bc8 24. Nd4 Ndf5 25. Nxf5 Nxf5 26. Bb2 h5 27. Bf3 h4 28.
g4 Nd4 29. Rad1 Rxe1 30. Rxe1 a5 31. Nd5 Nxf3 32. Ne7+ Kh7 33. Kxf3 Be6 34. f5
Bb3 35. g5 Bb8 36. Be5 Bxe5 37. Rxe5 f6 38. gxf6 gxf6 39. Re4 Rd8 40. Ke3 Kg7
41. Ng6 Bc2 42. Re7+ Kh6 43. Nxh4 Rd3+ 44. Kf4 Rxa3 45. bxa5 Ra4+ 46. Kg3 Rxa5
47. Rxb7 Rxc5 48. Rf7 Rc3+ 49. Kf4 Rc4+ 50. Kg3 Rc3+ 51. Kf4 1/2-1/2

[Event "FIDE World Rapid 2013"]
[Site "Khanty-Mansiysk RUS"]
[Date "2013.06.07"]
[Round "6.15"]
[White "Salem, A.R. Saleh"]
[Black "Sargissian, Gabriel"]
[Result "1/2-1/2"]
[WhiteTitle "GM"]
[BlackTitle "GM"]
[WhiteElo "2531"]
[BlackElo "2671"]
[WhiteFideId "9301348"]
[BlackFideId "13300881"]
[EventDate "2013.06.06"]

1. d4 d5 2. c4 e6 3. Nc3 Be7 4. Nf3 Nf6 5. Bg5 h6 6. Bxf6 Bxf6 7. e3 O-O 8. Rc1
c6 9. h4 g6 10. g4 Bg7 11. Bd3 Nd7 12. h5 g5 13. Bb1 Re8 14. Qd3 a6 15. O-O Kf8
16. Ne2 Qb6 17. Ng3 Qxb2 18. Rc2 Qb4 19. a3 Qe7 20. cxd5 exd5 21. Rb2 Nf6 22.
Nf5 Qe4 23. Ne5 Bxf5 24. Qd2 Qxb1 25. Rfxb1 Bxb1 26. Rxb1 Re7 27. Qb4 Re8 28. f3
Kg8 29. Kf2 Nd7 30. f4 Nf6 31. Kf3 Ne4 32. Rb3 gxf4 33. exf4 c5 34. dxc5 Bxe5
35. fxe5 Rxe5 36. Qd4 Ng5+ 37. Kg3 Re1 38. Qxd5 Rg1+ 39. Kf4 Rf1+ 40. Kg3 Rg1+
41. Kf4 Rf1+ 42. Kg3 Rg1+ 1/2-1/2

[Event "FIDE World Rapid 2013"]
[Site "Khanty-Mansiysk RUS"]
[Date "2013.06.07"]
[Round "6.17"]
[White "Rublevsky, Sergei"]
[Black "Dubov, Daniil"]
[Result "1/2-1/2"]
[WhiteTitle "GM"]
[BlackTitle "GM"]
[WhiteElo "2695"]
[BlackElo "2638"]
[WhiteFideId "4115309"]
[BlackFideId "24126055"]
[EventDate "2013.06.06"]

1. e4 c5 2. Nf3 d6 3. d4 cxd4 4. Nxd4 Nf6 5. Nc3 Nc6 6. Bc4 e6 7. Be3 a6 8. Bb3
Be7 9. f4 O-O 10. Qf3 Na5 11. O-O-O Qc7 12. g4 b5 13. g5 Nd7 14. f5 b4 15. Nce2
Bb7 16. f6 gxf6 17. gxf6 Nxf6 18. Bh6 Kh8 19. Bxf8 Rxf8 20. Ng3 Rc8 21. Rd2 Qc5
22. Kb1 Qe5 23. Rf1 Rf8 24. Qd3 Nxe4 25. Nxe4 Bxe4 26. Qxa6 Nxb3 27. axb3 Bg5
28. Rdd1 Be3 29. Nf3 Qf5 30. Ne1 Qh5 31. Qxd6 Ra8 32. Nd3 Rc8 1/2-1/2

[Event "FIDE World Rapid 2013"]
[Site "Khanty-Mansiysk RUS"]
[Date "2013.06.07"]
[Round "6.18"]
[White "Potapov, Pavel"]
[Black "Vitiugov, Nikita"]
[Result "1/2-1/2"]
[WhiteTitle "IM"]
[BlackTitle "GM"]
[WhiteElo "2460"]
[BlackElo "2734"]
[WhiteFideId "4169786"]
[BlackFideId "4152956"]
[EventDate "2013.06.06"]

1. e4 c6 2. d4 d5 3. e5 Bf5 4. h4 h6 5. c4 e6 6. Nc3 Ne7 7. Nge2 Bg4 8. f3 Bf5
9. Ng3 Bh7 10. Be3 Nd7 11. Bf2 dxc4 12. Bxc4 Nb6 13. Bb3 Ned5 14. Nge4 Be7 15.
g3 a5 16. O-O O-O 17. a3 Qc7 18. Rc1 Rfd8 19. Qe2 a4 20. Ba2 Nxc3 21. Rxc3 Nd5
22. Rc4 b5 23. Rcc1 Qb6 24. Nc5 b4 25. axb4 Nxb4 26. Bc4 Nd5 27. Ra1 Bxc5 28.
dxc5 Qb4 29. Rfd1 Ne7 30. Rd6 Rdb8 31. Rad1 Bg6 32. R1d2 h5 33. Kg2 a3 34. bxa3
Rxa3 35. Rd7 Nf5 36. Bd3 Ra1 37. Be4 Qa4 38. Bc2 Qa3 39. R7d3 Qc1 40. Rd1 Qb2
41. R1d2 Kh7 42. g4 Nh6 43. gxh5 Bf5 44. Be3 Qb5 45. Bxh6 gxh6 46. Rc3 Rg8+ 47.
Kf2 Qa5 48. Bxf5+ exf5 49. Qd3 Kh8 50. Qxf5 Ra2 51. Qf6+ Rg7 52. Rxa2 Qxa2+ 53.
Ke3 Qb2 54. Rd3 Qc1+ 55. Ke2 Qc2+ 56. Rd2 Qc4+ 57. Rd3 Qc2+ 58. Rd2 Qc4+ 59. Ke1
Qc1+ 60. Ke2 Qc4+ 61. Ke1 1/2-1/2

[Event "FIDE World Rapid 2013"]
[Site "Khanty-Mansiysk RUS"]
[Date "2013.06.07"]
[Round "6.19"]
[White "Al-Sayed, Mohammed"]
[Black "Mamedov, Rauf"]
[Result "0-1"]
[WhiteTitle "GM"]
[BlackTitle "GM"]
[WhiteElo "2498"]
[BlackElo "2637"]
[WhiteFideId "12100196"]
[BlackFideId "13401653"]
[EventDate "2013.06.06"]

1. d4 g6 2. Nf3 Bg7 3. c3 d6 4. Bg5 h6 5. Bh4 Nf6 6. Nbd2 O-O 7. e4 c5 8. dxc5
dxc5 9. Bc4 Nc6 10. O-O Bg4 11. Qe2 g5 12. Bg3 Nh5 13. Qe3 Rc8 14. Rad1 Qb6 15.
Bb3 Nxg3 16. fxg3 Na5 17. Nc4 Nxc4 18. Bxc4 e6 19. Rd2 Bh5 20. h4 g4 21. Nh2 Qc7
22. Rfd1 Qe5 23. Rd7 Rb8 24. Qf4 Qxf4 25. gxf4 g3 26. Nf3 b5 27. Bd3 Rfd8 28.
Rxd8+ Rxd8 29. Kf1 Kf8 30. Ke2 b4 31. cxb4 cxb4 32. b3 Bf6 33. Ke3 Bd4+ 34. Ke2
Bb6 35. Bc2 Rc8 36. Rd2 Rc3 37. Bd3 Rc1 38. Rc2 Rg1 0-1

[Event "FIDE World Rapid 2013"]
[Site "Khanty-Mansiysk RUS"]
[Date "2013.06.07"]
[Round "6.20"]
[White "Kabanov, Nikolai"]
[Black "Georgiev, Kiril"]
[Result "1/2-1/2"]
[WhiteTitle "GM"]
[BlackTitle "GM"]
[WhiteElo "2472"]
[BlackElo "2636"]
[WhiteFideId "4127820"]
[BlackFideId "2900017"]
[EventDate "2013.06.06"]

1. e4 c5 2. Nf3 g6 3. d4 cxd4 4. Nxd4 Nf6 5. Nc3 d6 6. Be2 Bg7 7. O-O O-O 8. Re1
a6 9. a4 Nc6 10. Nb3 Be6 11. Bf1 d5 12. Nc5 Bg4 13. Be2 Bxe2 14. Qxe2 d4 15. Nb1
Nd7 16. Nd3 Rc8 17. Na3 Nde5 18. f4 Nxd3 19. cxd3 Na5 20. b4 Nb3 21. Rb1 Nxc1
22. Rexc1 Rc3 23. Rxc3 dxc3 24. Nc2 Qd7 25. a5 Rd8 26. Rd1 Bd4+ 27. Kh1 Qa4 28.
h3 Qb5 29. e5 e6 30. Qe4 Ba7 31. d4 Qa4 32. d5 exd5 33. Rxd5 Rxd5 34. Qxd5 Qc6
35. Qd3 Kg7 36. Kh2 h6 37. h4 h5 38. Kg3 Qe6 39. Kh2 Qg4 40. g3 Qc8 41. Qd5 Qf5
42. Qg2 Qd3 43. Kh3 Be3 44. e6 Qf5+ 45. Kh2 Qxe6 46. Qxb7 Bd2 47. Qf3 Qf5 48.
Nd4 Qb1 49. f5 g5 50. Qxh5 Qe4 51. hxg5 Qxd4 52. f6+ Kg8 53. Qh6 Qf2+ 54. Kh1
Qf3+ 55. Kh2 Qe2+ 56. Kh3 Qe6+ 57. Kh2 Qe2+ 58. Kh3 Qf1+ 59. Kh2 Qf2+ 60. Kh1
Qe1+ 61. Kh2 Qe2+ 62. Kh3 Qf1+ 63. Kh2 Qf2+ 64. Kh1 1/2-1/2